Nhà Tây Sơn
Αποθηκεύτηκε σε:
| Κύριος συγγραφέας: | |
|---|---|
| Άλλοι συγγραφείς: | |
| Μορφή: | Βιβλίο |
| Γλώσσα: | Vietnamese |
| Έκδοση: |
Tp. Hồ Chí Minh
Trẻ
2000
|
| Θέματα: | |
| Ετικέτες: |
Προσθήκη ετικέτας
Δεν υπάρχουν, Καταχωρήστε ετικέτα πρώτοι!
|
| Thư viện lưu trữ: | Mạng thư viện Đại học Đà Nẵng |
|---|
| LEADER | 00939nam a2200301 4500 | ||
|---|---|---|---|
| 001 | 000015788 | ||
| 003 | 12172 | ||
| 005 | 20120605090614.0 | ||
| 008 | 120605s2000 viesd | ||
| 020 | |c 20000đ | ||
| 041 | 0 | |a vie | |
| 082 | |a 959.7028 |b QU-T | ||
| 100 | 0 | |a Quách Tấn | |
| 245 | 0 | |a Nhà Tây Sơn |c Quách Tấn, Quách Giao | |
| 260 | |a Tp. Hồ Chí Minh |b Trẻ |c 2000 | ||
| 300 | |a 215 tr. |c 19 cm | ||
| 653 | |a Tây Sơn | ||
| 700 | |a Quách Giao |e Tác giả | ||
| OWN | |a LSP | ||
| AVA | |a UDN50 |b LSP |d 959.7028 QU-T |e available |t Error 5001 Not defined in file expand_doc_bib_avail. |f 2 |g 0 |h N |i 0 |k 1 | ||
| 999 | |a From the UDN01 | ||
| AVA | |a UDN50 |b LSP |d 959.7028 QU-T |e available |t Error 5001 Not defined in file expand_doc_bib_avail. |f 2 |g 0 |h N |i 0 |k 1 | ||
| TYP | |a Monograph | ||
| TYP | |a Printed language | ||
| 980 | |a Mạng thư viện Đại học Đà Nẵng | ||